000 00416nam a2200181Ia 4500
001 7349
005 20260306160449.0
008 260306t2006||||xx |||||||||||||| ||spa||
041 _aESP
082 _a338.5443
_bH21
100 _aHanke, John E.
_eAUT
245 0 _aPronóstico en los negocios
260 _c2006
300 _a552 páginas :
_ccm.
650 _aGEN
654 _aCAN
942 _cLIB
_dJUS
_fJUS
_2ddc
_n
999 _c7349
_d7349